000
00295 a2200109 4500
001
ART_30502
005
20260410162003.0
008
260409a
245
1
0
_a
Individuo y organización
100
1
_a
Zarif, Martha
773
0
_t
Foro político
_g
- Vol. XX (ago. 1997)
_w
REV30389
999
_c
31474
_d
31474